Регионална библиотека "Любен Каравелов" - Русе

Пампоровска колиба (Запис номер 15563)

MARC детайли
000 -Лидер
Контролно поле с фиксирана дължина 01123nam a2200313 c 4500
003 - Код на организацията, давaща контролен номер
Контролно поле BLK
005 - Дата и час на последна редакция
Контролно поле 20200902151310.0
008 - Елементи от данни с фиксирана дължина
fixed length control field 180413b bul|||||r ||||||| ||bul||
010 ## - Наследен системен номер
LC control number KNG00017354000
020 ## - Международен стандартен номер на книга ISBN
Международен стандартен номер на книга ISBN 954-413-028-3
040 ## - Източник на каталожния запис
Идентификатор на билиотеката - собственик на записа BLK
041 ## - Код за език
Код за езика на текст/звукозапис или на отделно заглавие Български
Код за езика КДБФ Български
080 ## - УДК
Текстов определител УДК Българска литература
УДК код - определител по УДК 821.163.2
УДК определител -1
УДК - код + определител 821.163.2-1
100 1# - Редна дума - Автор
Автор Кирилов, Кирил Асенов
Авторска отговорност първи автор
R(LIN) 364789
139 ## - Редно поле
Редна дума Кирилов, Кирил и др.
Авторски знак Кирил - К 57
245 10 - Сведения за заглавието
Заглавие Пампоровска колиба
Подзаглавни данни Лирика
Редно поле (дума) Кирил Асенов Кирилов; съавт. Борислав (Ботев) Геронтиев.
257 ## - Страна на издаване
Страна на създаване/издаване България
260 ## - Област на издателските данни
Име на издателя, разпространителя и проч. Младеж
Година на издаване 1997
Място на издаване, разпространение и проч. София
300 ## - Физическа характеристика
Страници 32 с.
Размери/Мащаб 17 см
380 ## - Жанр
Жанр Худож. лит.
490 ## - СЕРИИ (Колекции)
Име на серия Библиотека Смяна
9 (RLIN) 201198
500 ## - Общи забележки
Забележка 500 тир.
700 1# - Други автори (авторска отговорност)
Лично име Геронтиев, Борислав (Ботев)
Автороска отговорност (Описва отношението между автора и произведението) съавт.
9 (RLIN) 260353
852 ## - Местоположение
Форматна сигнатура Цб І 29104
Фондова буква Хранилище
856 4# - Електронен адрес и достъп
Електронен формат pdf - файл
Път до файла /url/
856 4# - Електронен адрес и достъп
Електронен формат pdf - файл
Път до файла /url/
999 ## - СИСТЕМНИ КОНТРОЛНИ НОМЕРА
Koha biblionumber 15563
Koha biblioitemnumber 15563
942 ## - АРТИКУЛИ
Вид на библиотечния материал Книги
Скрит в OPAC Не
Периодичен библиозапис Да
944 ## - СЪЗДАВАНЕ И РЕДАКЦИЯ на ЗАПИСА
Създаване/Редакция Създаване
Дата на регистрацията/редакция 15.01.2003
Служител, извършил регистрацията/редакцията AB_DOS
944 ## - СЪЗДАВАНЕ И РЕДАКЦИЯ на ЗАПИСА
Създаване/Редакция Редакция
Дата на регистрацията/редакция 20.12.2016
Служител, извършил регистрацията/редакцията Ивелин_Попов
999 ## - СИСТЕМНИ КОНТРОЛНИ НОМЕРА
Koha biblioitemnumber 15563
Наличности
Код за отписване Код за изгубен артикул Източник на класификационната схема Код за повреда Коз за рестрикции Код за отдаване Артикулен № Име на библиотеката - собственик Име на библиотеката, в която се намира в момента Статус (Текущо местоположение) Дата на вписване в системата Местоположение - отдел Цена в лева Инвентарен номер Систематично азбучна сигнатура Баркод Номер на екземпляра Цена в евро Служебен тип на артикула
  Не е изгубен Universal Decimal Classification Не е повреден само за читалня ползва се в читалня 26415 Регионална библиотека "Любен Каравелов" Русе Регионална библиотека "Любен Каравелов" Русе Хранилище 2001-01-01 Хранилище 0.30 632468 Цб I 29104 120000632468 1 0.15 Книги
Vip Innovations Ltd, Rousse, Bulgaria 2025